| 000 | 00819nam a22002897a 4500 | ||
|---|---|---|---|
| 999 |
_c14468 _d14468 |
||
| 003 | MIRAKIL | ||
| 005 | 20210806113929.0 | ||
| 008 | 210806b tu ||||| |||| 00| 0 tur d | ||
| 020 | _a9753430663 (Tk.) | ||
| 020 | _a9753430671 (1.c.) | ||
| 020 | _a9753430698 (2.c.) | ||
| 020 | _a975343071X (3.c.) | ||
| 020 | _a9753430728 (4.c.) | ||
| 020 | _a9753430736 (5.c.) | ||
| 020 | _a9753430787 (6.c.) | ||
| 020 | _a9753430795 (7.c.) | ||
| 020 | _a9753430809 (8.c.) | ||
| 040 |
_aTR-AnCHP _cTR-AnCHP |
||
| 041 | _aTur | ||
| 082 |
_a297.122 _bK86 1994 |
||
| 245 | 1 | 0 |
_aKur'an ansiklopedisi / _chazırlayan: Turan Dursun |
| 260 |
_aİstanbul : _bKaynak Yayınları, _c1994. |
||
| 300 |
_ac.: _c24 sm. |
||
| 650 | 0 |
_9513 _aİslam dini _xKuran-ı Kerim |
|
| 700 |
_96723 _aDursun, Turan _ehaz. |
||
| 942 |
_2ddc _cBKS |
||